Creación del Instituto Psicopedagógico y de Investigación Flor de Mayo
Publicado:
San Jorge, núm. 82 (2n trimestre 1971), pàg 52 - 53 :
Materias:
Flor de Maig
MARC
| LEADER | 00000nam a2200000Ia 4500 | ||
|---|---|---|---|
| 001 | |||
| 008 | 160829s9999 xx 000 0 cat d | ||
| 245 | |a Creación del Instituto Psicopedagógico y de Investigación Flor de Mayo | ||
| 260 | |a San Jorge, núm. 82 (2n trimestre 1971), pàg 52 - 53 | ||
| 650 | |a Flor de Maig | ||
| 901 | |a Arxiu | ||
| 942 | |n 1 | ||
| 952 | |0 0 |1 0 |4 0 |7 1 |9 49874 |a Arxiu |b Arxiu |d 2016-12-01 |l 0 |r 2016-12-01 00:00:00 |w 2016-12-01 |y ARXIU | ||
| 999 | |c 53716 |d 53716 | ||